|
|
|
|
| LEADER |
01033nam a2200265 i 4500 |
| 003 |
GR-PaULI |
| 005 |
20240126090548.0 |
| 008 |
081016s1966 enkao g 1 0 eng d |
| 952 |
|
|
|0 0
|1 0
|2 ddc
|4 0
|6 708_551000000000000_ROS
|7 0
|9 237494
|a LISP
|b LISP
|c BSC
|d 2019-11-29
|i 141427
|l 0
|o 708.551 ROS
|p 025000265002
|r 2019-11-29 00:00:00
|t 1
|v 2019.00
|w 2019-11-29
|y BK
|
| 999 |
|
|
|c 142760
|d 142760
|
| 040 |
|
|
|a GR-PaULI
|b gre
|c GR-PaULI
|e AACR2
|
| 041 |
1 |
|
|a eng
|h ita
|
| 082 |
0 |
4 |
|a 708.551
|2 23
|
| 100 |
1 |
|
|a Rossi, Filippo
|4
|9 178086
|e συγγραφέας.
|
| 245 |
1 |
4 |
|a The Uffizi and Pitti
|c Filippo Rossi ; translated by Richard Waterhouse.
|
| 260 |
|
|
|a London :
|b Thames and Hudson,
|c 1966.
|
| 300 |
|
|
|a 319 σ.:
|b εικ.;
|c 21 εκ.
|
| 490 |
|
|
|a The World of Art Library, Galleries
|
| 500 |
|
|
|a
|
| 610 |
2 |
|
|9 179042
|a Galleria degli Uffizi
|
| 610 |
2 |
|
|9 179043
|a Galleria Palatina
|
| 700 |
1 |
|
|9 178087
|a Waterhouse, Richard
|e μεταφραστής.
|
| 830 |
|
0 |
|a World of art library
|9 167960
|
| 942 |
|
|
|2 ddc
|c BK
|
| 998 |
|
|
|c Σαλαμούρα
|d 2019-09
|